00340nam a2200133Ia 4500100002700000650002000027366000700047654002000054245005400074260003200128082001500160300000800175546002300183 aJagdev/Harinder Singh  aDecision making f25 adecision making aStrategic Decision making in modern manufacturing bKluwer Academic Pressc2004 a658.5bJAG a269 aENGLISHcInfo.Tech